[Event "Mistrzostwa Polski Niewidomych"]
[Site "Jastrzebia Gora"]
[Date "2010.06.12"]
[Round "5.5"]
[White "Chojnowski, Marcin"]
[Black "Stachanczyk, Jacek"]
[Result "0-1"]
[WhiteElo "2130"]
[BlackElo "2238"]
[PlyCount "66"]
[EventDate "2010.??.??"]

1. e4 c5 2. Nf3 d6 3. c3 Nf6 4. h3 e6 5. Bd3 Be7 6. Bc2 b6 7. O-O O-O 8. d4 Bb7
9. Re1 Nbd7 10. Nbd2 Rc8 11. e5 Nd5 12. Ne4 dxe5 13. dxe5 h6 14. c4 Nb4 15. Bb1
Bxe4 16. Bxe4 Qc7 17. Bf4 Rfd8 18. Qe2 Bf8 19. Qe3 Nb8 20. g4 N4c6 21. g5 Nd4
22. Nh2 hxg5 23. Bxg5 Be7 24. Ng4 Nf5 25. Bxf5 exf5 26. Nf6+ Bxf6 27. Bxf6 gxf6
28. Qh6 fxe5 29. Qg5+ Kf8 30. Qh6+ Ke7 31. Qg5+ Ke6 32. Qh6+ f6 33. f4 Rh8 0-1

[Event "Mistrzostwa Polski Niewidomych"]
[Site "Jastrzebia Gora"]
[Date "2010.06.12"]
[Round "5.6"]
[White "Zoltek, Tadeusz"]
[Black "Gunajew, Rafal"]
[Result "0-1"]
[WhiteElo "2197"]
[BlackElo "2270"]
[PlyCount "131"]
[EventDate "2010.??.??"]

1. Nf3 Nf6 2. c4 g6 3. g3 Bg7 4. Bg2 d6 5. O-O e5 6. Nc3 Nc6 7. d3 h6 8. Rb1 a5
9. a3 O-O 10. b4 axb4 11. axb4 Be6 12. e4 Qd7 13. Nd5 Kh7 14. b5 Ne7 15. b6
Bxd5 16. cxd5 c6 17. dxc6 Qxc6 18. Qb3 Nd7 19. Be3 Qa4 20. Nd2 Qxb3 21. Rxb3
Rfc8 22. Nc4 Rc6 23. h4 Nc5 24. Bxc5 dxc5 25. Rb5 Nc8 26. Rfb1 Kg8 27. Bh3 Nd6
28. Ra5 Rd8 29. Nxd6 Rdxd6 30. Ra7 Rxb6 31. Rxb7 Rxb1+ 32. Rxb1 Rxd3 33. Rc1
Bf8 34. Bf1 Rd4 35. Rc4 Rd2 36. Rc3 Kg7 37. Bc4 Be7 38. Rf3 f6 39. Ra3 Rd7 40.
Ra6 Rc7 41. Kg2 h5 42. Re6 Kf8 43. f4 exf4 44. gxf4 Kg7 45. f5 gxf5 46. exf5
Rb7 47. Rc6 Rb4 48. Be6 Kh6 49. Rc7 Bd6 50. Rc6 Be5 51. Rxc5 Rxh4 52. Rc8 Rh2+
53. Kf3 Rh3+ 54. Ke4 Rh4+ 55. Ke3 Rh3+ 56. Ke4 h4 57. Rh8+ Kg7 58. Rg8+ Kh7 59.
Rg1 Ra3 60. Bg8+ Kh8 61. Bc4 h3 62. Rh1 h2 63. Be6 Ra4+ 64. Ke3 Bd4+ 65. Kf3
Bg1 66. Kg2 0-1

[Event "Mistrzostwa Polski Niewidomych"]
[Site "Jastrzebia Gora"]
[Date "2010.06.13"]
[Round "6.1"]
[White "Kulpinski, Piotr"]
[Black "Gunajew, Rafal"]
[Result "0-1"]
[WhiteElo "2048"]
[BlackElo "2270"]
[PlyCount "64"]
[EventDate "2010.??.??"]

1. Nf3 c5 2. c4 Nf6 3. Nc3 g6 4. e4 d6 5. d4 cxd4 6. Nxd4 Bg7 7. Be2 O-O 8. O-O
Nc6 9. Be3 Bd7 10. Nc2 a6 11. Qd2 Rc8 12. Rad1 Ne5 13. b3 b5 14. f4 Neg4 15.
cxb5 Nxe3 16. Nxe3 axb5 17. e5 b4 18. exf6 bxc3 19. fxe7 Qxe7 20. Nd5 Qd8 21.
Qc1 Re8 22. Bc4 Qa5 23. Rd3 Bf5 24. Rg3 c2 25. a4 Rxc4 26. bxc4 Qxa4 27. Kh1
Rb8 28. Qe3 Qxc4 29. Ne7+ Kf8 30. Re1 Be4 31. Qa7 Rb1 32. Rge3 Qf1+ 0-1

[Event "Mistrzostwa Polski Niewidomych"]
[Site "Jastrzebia Gora"]
[Date "2010.06.13"]
[Round "6.2"]
[White "Stachanczyk, Jacek"]
[Black "Zoltek, Tadeusz"]
[Result "1-0"]
[WhiteElo "2238"]
[BlackElo "2197"]
[PlyCount "81"]
[EventDate "2010.??.??"]

1. e4 e6 2. d4 d5 3. Nc3 Nf6 4. e5 Nfd7 5. f4 c5 6. Nf3 Nc6 7. Be3 cxd4 8. Nxd4
Bc5 9. Qd2 O-O 10. O-O-O a6 11. Nb3 Bxe3 12. Qxe3 f6 13. exf6 Nxf6 14. g3 Kh8
15. Bg2 Bd7 16. Rhe1 Rc8 17. Kb1 Qc7 18. Nd4 Nxd4 19. Qxd4 Qc5 20. Qxc5 Rxc5
21. Ne2 Re8 22. Nd4 Kg8 23. Rd2 Kf7 24. Rde2 Rc7 25. b3 b5 26. a3 a5 27. Kb2 b4
28. axb4 axb4 29. Ra1 h6 30. Ra6 Rb7 31. Re1 g5 32. fxg5 hxg5 33. Nf3 g4 34.
Ne5+ Ke7 35. Ng6+ Kf7 36. Nf4 Rh8 37. Nxe6 Bxe6 38. Rexe6 Ne4 39. Bxe4 dxe4 40.
Rxe4 Rxh2 41. Rc6 1-0

[Event "Mistrzostwa Polski Niewidomych"]
[Site "Jastrzebia Gora"]
[Date "2010.06.13"]
[Round "6.3"]
[White "Falkowski, Dawid"]
[Black "Chojnowski, Marcin"]
[Result "0-1"]
[WhiteElo "2116"]
[BlackElo "2130"]
[PlyCount "94"]
[EventDate "2010.??.??"]

1. e4 c6 2. d4 d5 3. Nd2 Qb6 4. c3 g6 5. Bd3 Bg7 6. Ngf3 Nh6 7. O-O O-O 8. Re1
dxe4 9. Nxe4 Bf5 10. Bc4 Bxe4 11. Rxe4 Nf5 12. Bb3 Nd7 13. Re2 e6 14. Ng5 Nf6
15. Ne4 Nxe4 16. Rxe4 Rad8 17. Qc2 h6 18. h3 Rfe8 19. Bf4 Ne7 20. Rf1 Nd5 21.
Bd2 Rd7 22. Qc1 Nf6 23. Re2 Kh7 24. Bc2 Red8 25. Re5 Rd5 26. Rfe1 c5 27. Rxd5
Nxd5 28. dxc5 Qxc5 29. Re4 b5 30. Rh4 Qf8 31. g4 f6 32. g5 f5 33. Bb3 h5 34. c4
Nb4 35. cxb5 Nd3 36. Qc7 Ne5 37. Bc3 Rd7 38. Bxe5 Rxc7 39. Bxc7 Qe7 40. Rc4
Qxg5+ 41. Kh1 e5 42. Ra4 Qd2 43. Kg2 e4 44. Rxa7 f4 45. h4 e3 46. Be5 Qxf2+ 47.
Kh1 Qxh4+ 0-1

[Event "Mistrzostwa Polski Niewidomych"]
[Site "Jastrzebia Gora"]
[Date "2010.06.13"]
[Round "6.4"]
[White "Pawelec, Bartosz"]
[Black "Stolarczyk, Anna"]
[Result "1/2-1/2"]
[WhiteElo "2045"]
[BlackElo "2106"]
[PlyCount "89"]
[EventDate "2010.??.??"]

1. e4 c5 2. c3 Nf6 3. e5 Nd5 4. d4 cxd4 5. Qxd4 e6 6. Nf3 Nc6 7. Qe4 d6 8. Nbd2
dxe5 9. Nxe5 Nxe5 10. Qxe5 Qd6 11. Qe4 Bd7 12. Nf3 Bc6 13. Qe5 Rd8 14. Be2 f6
15. Qh5+ g6 16. Qh4 Bg7 17. O-O O-O 18. Rd1 Qe7 19. Nd4 Be8 20. c4 Nc7 21. Be3
e5 22. Nb3 b6 23. c5 b5 24. Bf3 Bf7 25. Na5 Rxd1+ 26. Rxd1 Ne6 27. b4 Rd8 28.
Rxd8+ Qxd8 29. Qe4 f5 30. Qa8 e4 31. Qxd8+ Nxd8 32. Be2 Be8 33. Bd2 h6 34. Kf1
Kf7 35. Ke1 a6 36. a4 Ke6 37. axb5 axb5 38. Bd1 g5 39. f3 exf3 40. Bxf3 g4 41.
Ba8 Be5 42. g3 h5 43. Ke2 h4 44. Kf2 h3 45. Ke3 1/2-1/2

[Event "Mistrzostwa Polski Niewidomych"]
[Site "Jastrzebia Gora"]
[Date "2010.06.13"]
[Round "6.5"]
[White "Mackowiak, Marek"]
[Black "Suder, Ryszard"]
[Result "1/2-1/2"]
[WhiteElo "2239"]
[BlackElo "2194"]
[PlyCount "60"]
[EventDate "2010.??.??"]

1. Nf3 Nf6 2. g3 g6 3. Bg2 Bg7 4. d4 d5 5. c4 c6 6. cxd5 cxd5 7. Nc3 O-O 8. O-O
Ne4 9. Qb3 Nc6 10. e3 Na5 11. Qc2 Nxc3 12. Qxc3 Bf5 13. Nh4 Rc8 14. Qd2 Be6 15.
b3 b6 16. Ba3 Qd7 17. Rac1 Bf6 18. Rxc8 Rxc8 19. Nf3 Bf5 20. Rc1 Be4 21. Rxc8+
Qxc8 22. Ne1 Bxg2 23. Kxg2 h5 24. Qc2 Qxc2 25. Nxc2 Nc6 26. Nb4 Nxb4 27. Bxb4
Kf8 28. h3 Ke8 29. Kf3 Kd7 30. Ke2 e5 1/2-1/2

[Event "Mistrzostwa Polski Niewidomych"]
[Site "Jastrzebia Gora"]
[Date "2010.06.13"]
[Round "6.6"]
[White "Dukaczewski, Piotr"]
[Black "Migala, Andrzej"]
[Result "1-0"]
[WhiteElo "2317"]
[BlackElo "2119"]
[PlyCount "69"]
[EventDate "2010.??.??"]

1. d4 d5 2. c4 c6 3. Nc3 Nf6 4. Nf3 a6 5. b3 b5 6. Qc2 g6 7. e4 dxe4 8. Nxe4
Nxe4 9. Qxe4 Bg7 10. Ne5 Bf5 11. Qe3 O-O 12. Bb2 Qa5+ 13. Bc3 b4 14. Bb2 Qc7
15. Be2 Nd7 16. Rd1 a5 17. O-O Nxe5 18. dxe5 a4 19. g4 Bc8 20. f4 axb3 21. axb3
Ra2 22. Rd2 c5 23. Ra1 Rxb2 24. Rxb2 g5 25. Bd3 f5 26. gxf5 gxf4 27. Qxf4 Qxe5
28. Qxe5 Bxe5 29. Rg2+ Kf7 30. Ra7 Rd8 31. Bc2 Kf6 32. Kf1 Bxf5 33. Bxf5 Kxf5
34. Rxe7 h6 35. Rf2+ 1-0

[Event "Mistrzostwa Polski Niewidomych"]
[Site "Jastrzebia Gora"]
[Date "2010.06.14"]
[Round "7.1"]
[White "Migala, Andrzej"]
[Black "Kulpinski, Piotr"]
[Result "1/2-1/2"]
[WhiteElo "2119"]
[BlackElo "2048"]
[PlyCount "60"]
[EventDate "2010.??.??"]

1. e4 d6 2. d4 e5 3. dxe5 dxe5 4. Qxd8+ Kxd8 5. Bc4 f6 6. Be3 Nd7 7. Nd2 Bc5 8.
Bxc5 Nxc5 9. f3 Be6 10. Bxe6 Nxe6 11. Ne2 c6 12. O-O-O Kc7 13. Nc4 Rd8 14. Ne3
Nh6 15. Rxd8 Rxd8 16. Rd1 Rxd1+ 17. Kxd1 Nf7 18. c3 Nd6 19. Kd2 Kb6 20. b3 a5
21. Kd3 Nc5+ 22. Kc2 Ne6 23. Kb2 Nc5 24. Kc2 Ne6 25. h3 Nc5 26. Kd2 Ne6 27. Kd3
Nc5+ 28. Kc2 Ne6 29. Kd1 Nc5 30. Kd2 Ne6 1/2-1/2

[Event "Mistrzostwa Polski Niewidomych"]
[Site "Jastrzebia Gora"]
[Date "2010.06.14"]
[Round "7.2"]
[White "Suder, Ryszard"]
[Black "Dukaczewski, Piotr"]
[Result "0-1"]
[WhiteElo "2194"]
[BlackElo "2317"]
[PlyCount "78"]
[EventDate "2010.??.??"]

1. Nf3 g6 2. g3 Bg7 3. Bg2 e5 4. e4 Nc6 5. Nc3 Nge7 6. d3 O-O 7. O-O f5 8. exf5
gxf5 9. Nh4 d5 10. Bg5 Be6 11. Qd2 Rf7 12. Ne2 Qd7 13. c3 Raf8 14. f4 e4 15.
dxe4 fxe4 16. Rad1 Rd8 17. Qe3 Bg4 18. Rf2 Qe6 19. Bxe7 Qxe7 20. h3 Bc8 21. c4
d4 22. Qxe4 Qc5 23. Nc1 Re7 24. Nd3 Qxc4 25. Ne5 Nxe5 26. fxe5 Rxe5 27. Qb1 d3
28. Nf3 Re7 29. Bf1 Bf5 30. Nh4 Be4 31. Nf5 Rf7 32. g4 Rxf5 33. gxf5 Bd4 34.
Qc1 Qxc1 35. Rxc1 d2 36. Rd1 Bxf2+ 37. Kxf2 Bc2 38. Bc4+ Kg7 39. Rg1+ Kf6 0-1

[Event "Mistrzostwa Polski Niewidomych"]
[Site "Jastrzebia Gora"]
[Date "2010.06.14"]
[Round "7.3"]
[White "Stolarczyk, Anna"]
[Black "Mackowiak, Marek"]
[Result "0-1"]
[WhiteElo "2106"]
[BlackElo "2239"]
[PlyCount "62"]
[EventDate "2010.??.??"]

1. e4 d5 2. exd5 Nf6 3. d4 Nxd5 4. Nf3 Bf5 5. c4 Nb6 6. Nc3 e6 7. Bf4 Be7 8.
Be2 Bf6 9. Be5 Nc6 10. Bxf6 Qxf6 11. c5 Nd5 12. Nxd5 exd5 13. O-O O-O 14. Qd2
Rfe8 15. Rfe1 Re4 16. Rad1 Bg4 17. h3 Bxf3 18. Bxf3 Rxd4 19. Qe2 Rxd1 20. Rxd1
Nd4 21. Qd3 Nxf3+ 22. gxf3 c6 23. b4 Qg6+ 24. Qxg6 hxg6 25. a4 a6 26. Kf1 Kf8
27. Ke2 Ke7 28. f4 Kf6 29. f3 Rh8 30. Rh1 Kf5 31. Ke3 Re8+ 0-1

[Event "Mistrzostwa Polski Niewidomych"]
[Site "Jastrzebia Gora"]
[Date "2010.06.14"]
[Round "7.4"]
[White "Chojnowski, Marcin"]
[Black "Pawelec, Bartosz"]
[Result "1-0"]
[WhiteElo "2130"]
[BlackElo "2045"]
[PlyCount "85"]
[EventDate "2010.??.??"]

1. d4 d5 2. Nf3 Nc6 3. c4 Bg4 4. Nc3 Nf6 5. e3 e6 6. h3 Bh5 7. Be2 Bd6 8. O-O
O-O 9. a3 dxc4 10. Qa4 a6 11. Qxc4 Na5 12. Qa4 Nc6 13. b4 e5 14. d5 e4 15. dxc6
exf3 16. Bxf3 Bxf3 17. gxf3 Nd5 18. Ne4 Nc3 19. Qc2 Nxe4 20. Qxe4 Re8 21. Qg4
Re6 22. Kh1 Rg6 23. Qf5 Rg5 24. Qe4 Qc8 25. Qh4 Be7 26. cxb7 Qxb7 27. Qe4 Qc8
28. Kh2 Bd6+ 29. f4 a5 30. Bb2 Rb8 31. Rg1 Rg6 32. Rxg6 hxg6 33. Qd4 f6 34. b5
Qb7 35. a4 Qf3 36. Rg1 g5 37. Rxg5 Be5 38. Qc4+ Kh8 39. Rg3 Qxf2+ 40. Rg2 Qxe3
41. fxe5 fxe5 42. Qh4+ Kg8 43. Qf6 1-0

[Event "Mistrzostwa Polski Niewidomych"]
[Site "Jastrzebia Gora"]
[Date "2010.06.14"]
[Round "7.5"]
[White "Zoltek, Tadeusz"]
[Black "Falkowski, Dawid"]
[Result "1-0"]
[WhiteElo "2197"]
[BlackElo "2116"]
[PlyCount "111"]
[EventDate "2010.??.??"]

1. Nf3 d5 2. d4 Nf6 3. c4 c6 4. Nc3 e6 5. cxd5 exd5 6. Bg5 Be7 7. Qc2 Bg4 8. e3
Nbd7 9. Bd3 Rc8 10. O-O O-O 11. Bxf6 Nxf6 12. Ne5 Bh5 13. Bf5 Rc7 14. Rac1 Bd6
15. f4 Bg6 16. Rf3 a6 17. Bxg6 fxg6 18. Rd1 Qc8 19. a3 Qf5 20. Qxf5 gxf5 21. b4
Ne4 22. Nxe4 fxe4 23. Rf2 Bxe5 24. dxe5 Kf7 25. Rc2 Ke6 26. h4 Rfc8 27. Rcd2
Rf8 28. Kh2 Rd8 29. Rc2 Kf5 30. Kh3 Ke6 31. Kh2 Kf5 32. Kh3 Ke6 33. g4 Rf8 34.
Kg3 Rd8 35. Rb2 Ra8 36. Rbd2 Rf8 37. Rc2 Rd8 38. Rb2 Ra8 39. Rc2 Rd8 40. h5 Rf8
41. Kh4 Rd8 42. Kg5 Rf8 43. Rcd2 Rd8 44. Rd4 Rf8 45. a4 b5 46. axb5 axb5 47.
Ra1 Rff7 48. Ra6 Rf8 49. Rd1 Re8 50. Rc1 Kd7 51. h6 g6 52. Rca1 Ke6 53. R1a5
Kf7 54. Ra7 Ree7 55. Rxc7 Rxc7 56. f5 1-0

[Event "Mistrzostwa Polski Niewidomych"]
[Site "Jastrzebia Gora"]
[Date "2010.06.14"]
[Round "7.6"]
[White "Gunajew, Rafal"]
[Black "Stachanczyk, Jacek"]
[Result "1-0"]
[WhiteElo "2270"]
[BlackElo "2238"]
[PlyCount "45"]
[EventDate "2010.??.??"]

1. e4 c5 2. Nf3 d6 3. c3 Nf6 4. Be2 Bd7 5. d3 Nc6 6. O-O g6 7. Re1 Bg7 8. Bf1
O-O 9. Nbd2 b6 10. d4 Qc7 11. d5 Ne5 12. Nxe5 dxe5 13. a4 Ne8 14. Bb5 Bxb5 15.
axb5 c4 16. b3 Nd6 17. bxc4 Bh6 18. Ba3 Bxd2 19. Bxd6 exd6 20. Qxd2 Qxc4 21.
Rab1 Rfc8 22. Re3 Rc5 23. Rb4 1-0

[Event "Mistrzostwa Polski Niewidomych"]
[Site "Jastrzebia Gora"]
[Date "2010.06.15"]
[Round "8.1"]
[White "Kulpinski, Piotr"]
[Black "Stachanczyk, Jacek"]
[Result "0-1"]
[WhiteElo "2048"]
[BlackElo "2238"]
[PlyCount "92"]
[EventDate "2010.??.??"]

1. d4 d5 2. c4 c6 3. Nf3 Nf6 4. e3 Bg4 5. Nc3 e6 6. Bd3 Nbd7 7. O-O Bd6 8. cxd5
exd5 9. e4 dxe4 10. Re1 O-O 11. Nxe4 Nxe4 12. Bxe4 Bb4 13. Bd2 Bxd2 14. Qxd2 f5
15. Bc2 Bxf3 16. gxf3 Qh4 17. d5 Rf6 18. dxc6 Rg6+ 19. Kh1 Qh3 20. Qd5+ Kh8 21.
Rg1 bxc6 22. Qxf5 Qxf5 23. Bxf5 Rxg1+ 24. Kxg1 Ne5 25. Be4 Rd8 26. Rc1 g5 27.
Rc5 Nd3 28. Rxc6 Nf4 29. h4 Rd2 30. Rc2 Rxc2 31. Bxc2 gxh4 32. Bf5 Kg7 33. b4
h5 34. a4 Kf6 35. Bc8 Ke5 36. a5 Kd6 37. b5 Kc7 38. Bf5 Kb8 39. Kh2 Kc7 40. Be4
Kb8 41. Bc6 Kc7 42. Be8 Kd6 43. Kg1 Kc7 44. Kh1 Kd8 45. Kh2 Kxe8 46. b6 axb6
0-1

[Event "Mistrzostwa Polski Niewidomych"]
[Site "Jastrzebia Gora"]
[Date "2010.06.15"]
[Round "8.2"]
[White "Falkowski, Dawid"]
[Black "Gunajew, Rafal"]
[Result "0-1"]
[WhiteElo "2116"]
[BlackElo "2270"]
[PlyCount "62"]
[EventDate "2010.??.??"]

1. e4 c5 2. Nc3 Nc6 3. g3 g6 4. d3 Bg7 5. Be3 d6 6. Bg2 e5 7. Qd2 Nge7 8. Nge2
Nd4 9. f4 Bh3 10. O-O Bxg2 11. Kxg2 O-O 12. Rae1 Qd7 13. Nc1 Rae8 14. Nd1 exf4
15. Bxf4 Ne6 16. Bh6 d5 17. Bxg7 Kxg7 18. exd5 Nxd5 19. Nc3 Nxc3 20. Qxc3+ Kg8
21. Re5 b6 22. Rfe1 Nd4 23. Rxe8 Rxe8 24. Rxe8+ Qxe8 25. Qd2 Qc6+ 26. Kh3 Qe6+
27. Kg2 Qd5+ 28. Kh3 Nf3 29. Qe3 Ng5+ 30. Kh4 h6 31. Ne2 Qg2 0-1

[Event "Mistrzostwa Polski Niewidomych"]
[Site "Jastrzebia Gora"]
[Date "2010.06.15"]
[Round "8.3"]
[White "Pawelec, Bartosz"]
[Black "Zoltek, Tadeusz"]
[Result "0-1"]
[WhiteElo "2045"]
[BlackElo "2197"]
[PlyCount "52"]
[EventDate "2010.??.??"]

1. e4 Nf6 2. Nc3 d5 3. e5 Nfd7 4. e6 fxe6 5. d4 c5 6. Nf3 Nc6 7. dxc5 Nxc5 8.
Bb5 Nd7 9. Qe2 Nf6 10. Bg5 a6 11. Bxc6+ bxc6 12. Ne5 Qb6 13. Rb1 g6 14. h4 Bg7
15. h5 Nd7 16. f4 Nxe5 17. fxe5 Qd4 18. Rd1 Qxe5 19. Be3 a5 20. hxg6 hxg6 21.
Rxh8+ Bxh8 22. Qf3 Qf5 23. Qg3 Be5 24. Qh4 Qh5 25. Qf2 Qg4 26. Ne2 Ba6 0-1

[Event "Mistrzostwa Polski Niewidomych"]
[Site "Jastrzebia Gora"]
[Date "2010.06.15"]
[Round "8.4"]
[White "Mackowiak, Marek"]
[Black "Chojnowski, Marcin"]
[Result "0-1"]
[WhiteElo "2239"]
[BlackElo "2130"]
[PlyCount "235"]
[EventDate "2010.??.??"]

1. c4 Nf6 2. Nc3 g6 3. g3 Bg7 4. Bg2 O-O 5. Nf3 d6 6. d4 c6 7. O-O Bf5 8. h3
Ne4 9. Nd2 Nxc3 10. bxc3 Qc8 11. Kh2 c5 12. Bb2 Nc6 13. e4 Bd7 14. d5 Ne5 15.
Qe2 b5 16. cxb5 c4 17. Rab1 Bxb5 18. Ba1 Qc5 19. a4 Bxa4 20. Rb7 Bc2 21. Rc1
Bd3 22. Qe1 Qc8 23. Rb4 a5 24. Ra4 Qa6 25. Bb2 Nd7 26. Qe3 Nc5 27. Ra2 Rfb8 28.
f4 Nb3 29. Re1 Nxd2 30. Qxd2 Rb3 31. Bf3 Qb6 32. Bd1 Rb8 33. Bxb3 cxb3 34. Ra3
Bc2 35. e5 dxe5 36. fxe5 Bh6 37. Qg2 Rd8 38. Ra4 Rxd5 39. Rd4 Rxd4 40. cxd4 Qb4
41. Re2 Bd3 42. Qa8+ Kg7 43. Rg2 Be3 44. Qf3 Qe1 45. d5 Be4 46. Qxe4 Bg1+ 47.
Rxg1 Qxe4 48. d6 exd6 49. exd6+ f6 50. Rg2 Qd3 51. Ba3 Kf7 52. Rf2 f5 53. h4 b2
54. Bxb2 Qxd6 55. Bc1 Qc5 56. Rf1 Qc4 57. Kg1 a4 58. Bb2 Qc5+ 59. Kh1 a3 60.
Ba1 Qe3 61. Kg2 Ke6 62. Bh8 Qd2+ 63. Kg1 Kd5 64. Bg7 Kc4 65. Rf4+ Kd5 66. Rf1
Qc2 67. Bh8 Qa4 68. Ba1 a2 69. Bh8 Qa8 70. Ba1 Ke4 71. Kf2 Qa7+ 72. Kg2 Qa5 73.
Rf4+ Kd5 74. Rf2 Qa3 75. Rf1 Qb3 76. Bh8 Qb1 77. Ba1 h6 78. Bh8 g5 79. hxg5
hxg5 80. Bg7 Ke4 81. Bf6 f4 82. gxf4 gxf4 83. Bg7 f3+ 84. Rxf3 a1=Q 85. Bxa1
Qxa1 86. Rf2 Qg7+ 87. Kf1 Ke3 88. Re2+ Kd3 89. Rf2 Qg4 90. Rg2 Qh3 91. Kg1 Ke3
92. Re2+ Kd3 93. Rg2 Qh4 94. Rg8 Qd4+ 95. Kf1 Qf6+ 96. Kg1 Qa1+ 97. Kh2 Qe5+
98. Kg1 Qc5+ 99. Kh2 Qd6+ 100. Kg1 Ke2 101. Rg2+ Kf3 102. Rf2+ Ke3 103. Kf1
Qa6+ 104. Kg1 Qc4 105. Kg2 Qg4+ 106. Kf1 Qh3+ 107. Kg1 Qg3+ 108. Rg2 Qe1+ 109.
Kh2 Kf3 110. Rg8 Qh4+ 111. Kg1 Qf2+ 112. Kh1 Qe1+ 113. Kh2 Qe5+ 114. Kg1 Qd6
115. Kh1 Qe7 116. Kg1 Qh7 117. Rg2 Qa7+ 118. Kh1 0-1

[Event "Mistrzostwa Polski Niewidomych"]
[Site "Jastrzebia Gora"]
[Date "2010.06.15"]
[Round "8.5"]
[White "Dukaczewski, Piotr"]
[Black "Stolarczyk, Anna"]
[Result "1-0"]
[WhiteElo "2317"]
[BlackElo "2106"]
[PlyCount "55"]
[EventDate "2010.??.??"]

1. Nf3 d5 2. g3 g6 3. Bg2 Bg7 4. c4 d4 5. e3 e5 6. O-O Ne7 7. exd4 exd4 8. d3
O-O 9. b4 a5 10. b5 c6 11. Ba3 Re8 12. Nbd2 cxb5 13. cxb5 Nd5 14. Ne4 Nb4 15.
Bb2 Bf5 16. Nh4 Qb6 17. a3 Nd5 18. Nxf5 gxf5 19. Ng5 Nf6 20. Qb3 Rf8 21. Rfe1
Nc6 22. Qc4 Rad8 23. bxc6 Qxb2 24. cxb7 Ng4 25. Ra2 Qb6 26. Rae2 h6 27. Nxf7
Rxf7 28. Re7 1-0

[Event "Mistrzostwa Polski Niewidomych"]
[Site "Jastrzebia Gora"]
[Date "2010.06.15"]
[Round "8.6"]
[White "Migala, Andrzej"]
[Black "Suder, Ryszard"]
[Result "1/2-1/2"]
[WhiteElo "2119"]
[BlackElo "2194"]
[PlyCount "60"]
[EventDate "2010.??.??"]

1. e4 d6 2. d4 Nf6 3. Nc3 g6 4. Be3 Bg7 5. h3 O-O 6. Nf3 c6 7. a4 Qa5 8. Nd2 d5
9. e5 Ne8 10. Nb3 Qd8 11. Qd2 f6 12. f4 b6 13. Be2 Nc7 14. O-O-O Ba6 15. h4
Bxe2 16. Qxe2 fxe5 17. fxe5 h6 18. Qg4 Kh7 19. Nd2 Qd7 20. Qxd7 Nxd7 21. Ne2
Ne6 22. Rhf1 Kg8 23. c3 Rxf1 24. Rxf1 Rf8 25. Rxf8+ Kxf8 26. Nf3 Kf7 27. Kd2
Ndf8 28. b3 Ke8 29. Ng3 Kf7 30. Kd3 Nd7 1/2-1/2

[Event "Mistrzostwa Polski Niewidomych"]
[Site "Jastrzebia Gora"]
[Date "2010.06.16"]
[Round "9.1"]
[White "Suder, Ryszard"]
[Black "Kulpinski, Piotr"]
[Result "1/2-1/2"]
[WhiteElo "2194"]
[BlackElo "2048"]
[PlyCount "138"]
[EventDate "2010.??.??"]

1. Nf3 d5 2. g3 Nf6 3. Bg2 c6 4. O-O Bf5 5. b3 Nbd7 6. Bb2 Qc7 7. d3 e5 8. Nbd2
Be7 9. Qe1 h5 10. e4 dxe4 11. dxe4 Bg6 12. Nc4 Bxe4 13. Nfxe5 Bxg2 14. Kxg2 O-O
15. Nxd7 Qxd7 16. Rd1 Nd5 17. Ne5 Qf5 18. c4 Bb4 19. Qe2 Nc3 20. Bxc3 Bxc3 21.
Nf3 Rfe8 22. Qd3 Qxd3 23. Rxd3 Bf6 24. Rd7 Rab8 25. Rfd1 Rbd8 26. R1d3 Kf8 27.
Ne5 Rxd7 28. Nxd7+ Ke7 29. Nc5 b6 30. Rd7+ Kf8 31. Nd3 Rd8 32. Rxd8+ Bxd8 33.
Ne5 b5 34. Nxc6 bxc4 35. bxc4 Bb6 36. f4 f5 37. Ne5 Ke7 38. h3 Ke6 39. Kf3 g5
40. Nd3 g4+ 41. hxg4 hxg4+ 42. Ke2 Bd4 43. Nb4 Kd6 44. Nd5 a6 45. Ne3 Ke6 46.
Kd3 Bb6 47. Nf1 Bf2 48. Ke2 Bb6 49. Nd2 Kd6 50. Nb3 Ke6 51. Nc1 Kd6 52. Kd3 Bf2
53. Ne2 Kc5 54. Kc3 a5 55. a3 a4 56. Kd3 Be1 57. Nc3 Bxg3 58. Nxa4+ Kc6 59. Ke3
Be1 60. Nb2 Ba5 61. Nd3 Bb6+ 62. Ke2 Bc7 63. Kf2 Bd6 64. a4 Kb6 65. Kg3 Ka5 66.
Nb2 Bc7 67. c5 Kb4 68. Nd1 Kxc5 69. Ne3 Bxf4+ 1/2-1/2

[Event "Mistrzostwa Polski Niewidomych"]
[Site "Jastrzebia Gora"]
[Date "2010.06.16"]
[Round "9.2"]
[White "Stolarczyk, Anna"]
[Black "Migala, Andrzej"]
[Result "1/2-1/2"]
[WhiteElo "2106"]
[BlackElo "2119"]
[PlyCount "60"]
[EventDate "2010.??.??"]

1. d4 d5 2. c4 c6 3. Nc3 Nf6 4. Nf3 e6 5. cxd5 cxd5 6. e3 a6 7. a3 b5 8. b4 Bb7
9. Bb2 Be7 10. Be2 Nbd7 11. Qb3 Ne4 12. Rc1 O-O 13. O-O Nxc3 14. Bxc3 Nb6 15.
Ne5 Nc4 16. Nd3 Qb6 17. Nc5 Bc6 18. Bd3 Rfc8 19. Rfd1 Rc7 20. Bb2 Rac8 21. Bc3
Bf8 22. h3 Qa7 23. Rc2 Qb6 24. Ra2 Ra7 25. Rda1 Rca8 26. Bf1 g6 27. Kh2 Bd6+
28. g3 Bf8 29. Be1 Be7 30. Bg2 Bf8 1/2-1/2

[Event "Mistrzostwa Polski Niewidomych"]
[Site "Jastrzebia Gora"]
[Date "2010.06.16"]
[Round "9.3"]
[White "Chojnowski, Marcin"]
[Black "Dukaczewski, Piotr"]
[Result "1-0"]
[WhiteElo "2130"]
[BlackElo "2317"]
[PlyCount "65"]
[EventDate "2010.??.??"]

1. e4 c5 2. Nf3 Nc6 3. d4 cxd4 4. Nxd4 Nf6 5. Nc3 d6 6. Bc4 e6 7. Be3 Be7 8.
Qe2 O-O 9. O-O-O Bd7 10. Rhg1 Na5 11. Bd3 e5 12. Nb3 Nxb3+ 13. cxb3 Qa5 14. g4
Be6 15. g5 Nd7 16. Kb1 Rfc8 17. Bd2 Qc7 18. h4 a6 19. h5 Nf8 20. f4 exf4 21.
Bxf4 Re8 22. Qh2 Rad8 23. Rg2 b5 24. Rh1 Qb7 25. g6 b4 26. h6 fxg6 27. hxg7
bxc3 28. Rxg6 c2+ 29. Bxc2 Bh4 30. gxf8=Q+ Kxf8 31. Bh6+ Ke7 32. Qxh4+ Kd7 33.
Rg7+ 1-0

[Event "Mistrzostwa Polski Niewidomych"]
[Site "Jastrzebia Gora"]
[Date "2010.06.16"]
[Round "9.4"]
[White "Zoltek, Tadeusz"]
[Black "Mackowiak, Marek"]
[Result "1-0"]
[WhiteElo "2197"]
[BlackElo "2239"]
[PlyCount "155"]
[EventDate "2010.??.??"]

1. Nf3 Nf6 2. c4 c5 3. g3 g6 4. Bg2 Bg7 5. O-O O-O 6. Nc3 Nc6 7. d4 cxd4 8.
Nxd4 Qb6 9. Nc2 d6 10. b3 Qa5 11. Qd2 Qh5 12. Qg5 Qxg5 13. Bxg5 h6 14. Bd2 Rd8
15. Rac1 Be6 16. Ne3 Kf8 17. Ned5 Ne8 18. Rfd1 f5 19. e4 Bf7 20. exf5 gxf5 21.
Nf4 Rd7 22. Bd5 e5 23. Ne6+ Kg8 24. Nxg7 Kxg7 25. Bxf7 Rxf7 26. Be3 f4 27. gxf4
exf4 28. Bd4+ Kg6 29. f3 Rd8 30. Kf2 Rdd7 31. Nd5 Kf5 32. Bc3 Ne5 33. Rd4 Ng6
34. Bd2 Ng7 35. Nxf4 Ne5 36. Rd5 Ne8 37. Nd3 Nf6 38. Nxe5 dxe5 39. Rxd7 Rxd7
40. Be3 e4 41. Bxa7 exf3 42. Kxf3 Rd2 43. Bb8 Rxa2 44. Re1 Rb2 45. Re5+ Kg6 46.
Rb5 Rc2 47. Rxb7 Rc3+ 48. Kf4 Rh3 49. Be5 Rh5 50. Bxf6 Kxf6 51. Rb6+ Ke7 52.
Kg3 Re5 53. h3 Re3+ 54. Kg4 Kd7 55. h4 Kc7 56. Rb5 Kc6 57. Kh5 Re6 58. Kg4 Re4+
59. Kg3 h5 60. Rxh5 Re3+ 61. Kg4 Rxb3 62. Rf5 Rb1 63. Rf4 Kd6 64. Re4 Rg1+ 65.
Kf5 Rf1+ 66. Kg5 Rg1+ 67. Kh6 Rc1 68. h5 Kd7 69. Kg6 Rg1+ 70. Kh7 Rg5 71. h6
Rg2 72. Kh8 Rg6 73. h7 Rg5 74. Re1 Rg2 75. c5 Rg3 76. c6+ Kxc6 77. Re8 Kd6 78.
Rg8 1-0

[Event "Mistrzostwa Polski Niewidomych"]
[Site "Jastrzebia Gora"]
[Date "2010.06.16"]
[Round "9.5"]
[White "Gunajew, Rafal"]
[Black "Pawelec, Bartosz"]
[Result "1-0"]
[WhiteElo "2270"]
[BlackElo "2045"]
[PlyCount "47"]
[EventDate "2010.??.??"]

1. e4 d6 2. d4 Nf6 3. Nc3 g6 4. f4 Bg7 5. Nf3 O-O 6. Bd3 c5 7. dxc5 dxc5 8. e5
Ng4 9. h3 Nh6 10. Be3 Qa5 11. g4 f5 12. g5 Nf7 13. Qe2 Qb4 14. O-O-O Be6 15. a3
Qa5 16. Bc4 Bxc4 17. Qxc4 Na6 18. Rd7 Rab8 19. Nd5 b5 20. Nxe7+ Kh8 21. Qd5 Nd8
22. Bxc5 Nc7 23. Qd6 Nce6 24. Rxa7 1-0

[Event "Mistrzostwa Polski Niewidomych"]
[Site "Jastrzebia Gora"]
[Date "2010.06.16"]
[Round "9.6"]
[White "Stachanczyk, Jacek"]
[Black "Falkowski, Dawid"]
[Result "0-1"]
[WhiteElo "2238"]
[BlackElo "2116"]
[PlyCount "56"]
[EventDate "2010.??.??"]

1. e4 d5 2. exd5 Nf6 3. Nf3 Nxd5 4. d4 Bg4 5. h3 Bxf3 6. Qxf3 Nc6 7. c3 e5 8.
Bc4 Nf6 9. Qe2 Qd6 10. f4 e4 11. O-O Qd7 12. Nd2 O-O-O 13. Nxe4 Nxd4 14. cxd4
Qxd4+ 15. Be3 Qxe4 16. Bxf7 Rd3 17. Kf2 Bd6 18. Qf3 Qe7 19. Ke2 Rxe3+ 20. Qxe3
Qxf7 21. Qd3 Nd5 22. g3 Re8+ 23. Kd2 Nb4 24. Qd4 Qf5 25. Rac1 Be7 26. Qc4 Qd7+
27. Kc3 Nd5+ 28. Kb3 Ne3 0-1